000 00260nam a2200109Ia 4500
001 1268532
005 20260417145252.0
008 260417s9999 xx 000 0 und d
020 _a9786258159097
245 0 _aŞimdi
_cKevser Yılmaz
260 _bKetebe Çocuk
999 _c1268532
_d1268532